Los Derechos sindicales en Centroamérica /
Publicado por la ORIT/CIOSL para abordar la crisis de los derechos sindicales en los países centroamericanos, en crisis por factores de naturaleza política, social y económica. Incluye entrevistas a líderes sindicales, políticos y otras personalidades, para aprovechar su conocimiento directo de los...
Gorde:
| Egile korporatiboa: | , |
|---|---|
| Formatua: | Texto |
| Hizkuntza: | Spanish |
| Argitaratua: |
México :
ORIT. CIOSL
|
| Gaiak: | |
| Etiketak: |
Etiketa erantsi
Etiketarik gabe, Izan zaitez lehena erregistro honi etiketa jartzen!
|
MARC
| LEADER | 00000 a a2200000 04500 | ||
|---|---|---|---|
| 001 | 39187 | ||
| 003 | cru IIS | ||
| 005 | 20220314151916.0 | ||
| 008 | 220314b |||||||| |||| 00| 0 spa d | ||
| 040 | |c CRAI | ||
| 090 | |a 1001 D431d | ||
| 110 | |a Organización Regional Interaméricana de Trabajadores | ||
| 245 | |a Los Derechos sindicales en Centroamérica / |c Organización Regional Interaméricana de Trabajadores | ||
| 260 | |a México : |b ORIT. CIOSL | ||
| 300 | |a 97 p. | ||
| 520 | |a Publicado por la ORIT/CIOSL para abordar la crisis de los derechos sindicales en los países centroamericanos, en crisis por factores de naturaleza política, social y económica. Incluye entrevistas a líderes sindicales, políticos y otras personalidades, para aprovechar su conocimiento directo de los múltiples problemas estructurales y de otras índoles que constituyen limitaciones cotidianas al ejercicio efectivo de la libertad, de los derechos laborales y sindicales . El texto confronta las legislación nacional vigente en cada uno de los países estudiados con las normas internacionales y lo analiza con la realidad que viven lso trabajadores y sus organizaciones. Incluye un examen general de la situación, las características de los derechos y una síntesis del trabajo realizado . RAR 21/01/22 | ||
| 650 | 0 | |2 UNESCO |9 10302 |a LIBERTAD SINDICAL | |
| 650 | 0 | |2 OCDE |9 7 |a SINDICATOS | |
| 650 | 0 | |2 OCDE |9 7738 |a LEGISLACION LABORAL | |
| 651 | 0 | |2 OCDE |9 308 |a CENTROAMERICA | |
| 710 | |a CIOSL | ||
| 942 | |2 ddc |c LI | ||
| 999 | |c 11127 |d 11127 | ||
